Oceľové plechy vhodné pre súčiastky vyrábané ťahaním = Sheets steel approppriate for component produced by drawing : Diplomová práca

Gespeichert in:
Bibliographische Detailangaben
1. Verfasser: Kováč, Peter (Verfasst von)
Weitere Verfasser: Lazar, Roman, 1978- (xxx)
Format: Manuskript Buch
Sprache:Slowakisch
Veröffentlicht: Bratislava : STU v Bratislave MtF KTv, 2007
Schlagworte:
Tags: Tag hinzufügen
Keine Tags, Fügen Sie das erste Tag hinzu!

MARC

LEADER 00000ntm a22000003a 4500
001 stu143914
005 20160719155802.5
008 070807s2007----xo------------------slo-d
040 |a STU  |b slo 
041 0 |a slo 
044 |a xo 
100 1 |a Kováč, Peter  |4 aut 
245 1 |a Oceľové plechy vhodné pre súčiastky vyrábané ťahaním = Sheets steel approppriate for component produced by drawing :  |b Diplomová práca 
260 |a Bratislava :  |b STU v Bratislave MtF KTv,  |c 2007 
300 |a 66 s  |c 1 CD-ROM 
500 |a Program: Tvárnenie 
650 7 |a ťahanie plechu  |2 stusub 
650 7 |a hlbokoťažnosť  |2 stusub 
650 7 |a simulácia  |2 stusub 
700 1 |a Lazar, Roman,  |d 1978-  |4 xxx  |u M150  |U MTF Ústav výrobných technológií  |T MTF Katedra tvárnenia  |X 2776  |U M150  |Y M150  |7 A000002776 
996 |b 284M076840  |c M*DP-6764  |l MMSKP  |s P  |a 0  |w stu143914_0001